| 000 | 00719nam a2200193 4500 | ||
|---|---|---|---|
| 001 | 145050 | ||
| 003 | ES-MaACL | ||
| 005 | 20230906201143.0 | ||
| 007 | t| | ||
| 008 | 070214s1955 sp r ||||1| spa d | ||
| 100 | 1 |
_aSoto, Julio Gonzalo. _9107493 |
|
| 245 | 1 | 0 |
_aNormas reglamentarias para la aplicación de la nueva ley _b: textos legales, exposición, comentario y juicio crítico de las nuevas disposiciones / _cJulio Gonzalo Soto. |
| 260 |
_aBurgos : _b[s. n.], _c1955 ( _fGráf. Diario de Burgos) |
||
| 300 |
_a112 p. ; _c22 cm. |
||
| 490 | 1 | _aArrendamientos rústicos protegidos | |
| 830 | 0 |
_aArrendamientos rústicos protegidos _9220732 |
|
| 852 |
_aES-MaACL _j1986-F-13 _bR.37551 |
||
| 999 |
_c145050 _d145050 |
||